Các phương pháp thống kê trong đánh giá mô hình chất lượng dịch vụ : Luận văn tốt nghiệp Cao học. Chuyên ngành Lý thuyết xác suất và Thống kê toán học

Luận văn trình bày các cơ sở lý luận và các mô hình nghiên cứu chất lượng dịch vụ đang được nghiên cứu trong các lĩnh vực kinh tế xã hội.

Đã lưu trong:
書目詳細資料
主要作者: Lê, Phạm Quế Chi
格式: 圖書
語言:Undetermined
出版: Cần Thơ Trường Đại học Cần Thơ 2016
主題:
標簽: 添加標簽
沒有標簽, 成為第一個標記此記錄!
Thư viện lưu trữ: Trung tâm Học liệu Trường Đại học Cần Thơ
LEADER 01097nam a2200217Ia 4500
001 CTU_217239
008 210402s9999 xx 000 0 und d
082 |a 519.2 
082 |b Ch300 
088 |a 60460106 
100 |a Lê, Phạm Quế Chi 
245 0 |a Các phương pháp thống kê trong đánh giá mô hình chất lượng dịch vụ : 
245 0 |b Luận văn tốt nghiệp Cao học. Chuyên ngành Lý thuyết xác suất và Thống kê toán học 
245 0 |c Lê Phạm Quế Chi ; Tô Anh Dũng (Người hướng dẫn) 
260 |a Cần Thơ 
260 |b Trường Đại học Cần Thơ 
260 |c 2016 
520 |a Luận văn trình bày các cơ sở lý luận và các mô hình nghiên cứu chất lượng dịch vụ đang được nghiên cứu trong các lĩnh vực kinh tế xã hội. 
650 |a Thống kê toán học,Mathematical statistics 
904 |i Cúc (Nguyên) 
980 |a Trung tâm Học liệu Trường Đại học Cần Thơ